|
|
|
|
| LEADER |
00790nab a2200229 i 4500 |
| 001 |
misc65661 |
| 005 |
20221102150930.0 |
| 008 |
220408s1957 hu o 0|| hun d |
| 040 |
|
|
|a SZTE Miscellanea Repozitórium
|b hun
|
| 041 |
|
|
|a hun
|
| 100 |
1 |
|
|a Harmatta János
|
| 245 |
1 |
2 |
|a A durai párthus pergamen
|h [elektronikus dokumentum] :
|b 12. sz. durai pergamen /
|c Harmatta János
|
| 260 |
|
|
|c 1957
|
| 300 |
|
|
|a 61-88
|c 24 cm
|
| 490 |
0 |
|
|a Antik Tanulmányok = Studia Antiqua
|
| 561 |
|
|
|a Németh Gyula hagyaték
|
| 591 |
|
|
|a NOP 2220
|
| 650 |
|
4 |
|a Bölcsészettudományok
|
| 650 |
|
4 |
|a Történettudomány és régészet
|
| 650 |
|
4 |
|a Nyelvek és irodalom
|
| 695 |
|
|
|a Régészet - leletek - feliratok
|
| 856 |
4 |
0 |
|u http://misc.bibl.u-szeged.hu/65661/1/2220_nop_h33.pdf
|z Dokumentum-elérés
|